Normal view MARC view
  • Symposium on American Cuisine

Entry Meeting Name

Number of records used in: 1

001 - CONTROL NUMBER

  • control field: 5647

003 - CONTROL NUMBER IDENTIFIER

  • control field: OSt

005 - DATE AND TIME OF LATEST TRANSACTION

  • control field: 20170517151645.0

008 - FIXED-LENGTH DATA ELEMENTS

  • fixed length control field: 170517|| aca||aabn | a|a d

040 ## - CATALOGING SOURCE

  • Original cataloging agency: OSt
  • Transcribing agency: OSt

111 ## - HEADING--MEETING NAME

  • Meeting name or jurisdiction name as entry element: Symposium on American Cuisine
  • Location of meeting: New Orleans, La.
  • Date of meeting: 1983

670 ## - SOURCE DATA FOUND

  • Source citation: Work cat.: (OSt): Symposium on American Cuisine New Orleans, La. 1983, The Second Symposium on American Cuisine /, c1984.
Pusat Sumber Maklumat Dato' Haji Sarmin Md Hussin, Akademi Kastam Diraja Malaysia, Melaka
Tel: 06-2331106 | Faks: 06-2313787